000 00377nam a2200145Ia 4500
005 20260325234755.0
008 260325s9999||||xx |||||||||||||| ||und||
082 _a728.52
100 _aMcAlester, Virginia
245 2 _aA Field Guide to American Houses /
_cVirginia McAlester
260 _bBorzoi Books
300 _a525 p.
650 _aARQUITECTURA RESIDENCIAL
942 _cBK
999 _c6287
_d6287